Những đặc điểm về nội dung và nghệ thuật trong tác phẩm " Truyền Kỳ Mạn Lục " của Nguyễn Dữ Luận văn tốt nghiệp Đại học Sư phạm văn Khóa 20

保存先:
書誌詳細
第一著者: Trương Hùng Dân
フォーマット: 図書
言語:Undetermined
出版事項: Cần Thơ Trường Đại học Cần Thơ, Khoa Sư phạm, Bộ môn Ngữ văn 1998
主題:
タグ: タグ追加
タグなし, このレコードへの初めてのタグを付けませんか!
Thư viện lưu trữ: Trung tâm Học liệu Trường Đại học Cần Thơ
LEADER 00809nam a2200193Ia 4500
001 CTU_23117
008 210402s9999 xx 000 0 und d
082 |a 808.3 
082 |b D121/1998 
100 |a Trương Hùng Dân 
245 0 |a Những đặc điểm về nội dung và nghệ thuật trong tác phẩm " Truyền Kỳ Mạn Lục " của Nguyễn Dữ 
245 0 |b Luận văn tốt nghiệp Đại học Sư phạm văn Khóa 20 
245 0 |c Trương Hùng Dân 
260 |a Cần Thơ 
260 |b Trường Đại học Cần Thơ, Khoa Sư phạm, Bộ môn Ngữ văn 
260 |c 1998 
650 |a fictions, theory of 
904 |i Nguyễn Quang Điền, 980725 
980 |a Trung tâm Học liệu Trường Đại học Cần Thơ